01462nam a2200349 a 4500001001200000003000800012006001900020007001500039008004100054010001700095020004300112020003800155020002700193040002100220035002100241043001200262050002500274082001800299100002900317245013300346260006000479300002300539490004300562504005100605533015200656650005400808650003400862655002900896710001700925830004400942856012600986ebr10540547CaPaEBRm u cr cn|||||||||110301s2011 njua sb 001 0 eng d z 2011004711 z9780813551623 (hardcover : alk. paper) z9780813551630 (pbk. : alk. paper) z9780813552170 (e-book) aCaPaEBRcCaPaEBR a(OCoLC)781378071 an-us---14aRG137.5b.P74 2011eb04a618.1/8252221 aPrescott, Heather Munro.14aThe morning afterh[electronic resource] :ba history of emergency contraception in the United States /cHeather Munro Prescott. aNew Brunswick, N.J. :bRutgers University Press,c2011. axi, 163 p. :bill.1 aCritical issues in health and medicine aIncludes bibliographical references and index. aElectronic reproduction.bPalo Alto, Calif. :cebrary,d2013.nAvailable via World Wide Web.nAccess may be limited to ebrary affiliated libraries. 0aEmergency contraceptiveszUnited StatesxHistory. 0aBirth controlzUnited States. 7aElectronic books.2local2 aebrary, Inc. 0aCritical issues in health and medicine.40uhttp://site.ebrary.com/lib/rucke/Doc?id=10540547zAn electronic book accessible through the World Wide Web; click to view